| 000 | 00000nam##2200000za#4500 |
| 001 | 9.663917 |
| 003 | CaOODSP |
| 005 | 20210615121309 |
| 007 | ta |
| 008 | 150407|2002||||xxc||||| f|0| 0 eng|d |
| 020 | |z0-662-66736-0 |
| 040 | |aCaOODSP|beng |
| 041 | |aeng |
| 041 | |afre |
| 043 | |an-cn--- |
| 086 | 1 |aSW21-98/2002 |
| 110 | 1 |aCanada. |bStatus of Women Canada. |
| 245 | 14|aThe 1997 Canada Pension Plan changes : |bimplications for women and men / |cby Adil Sayeed. |
| 260 | |aOttawa - Ontario : |bStatus of Women Canada |c2002. |
| 300 | |aEnglish text, vi, 46p. : |btables ; |c28 cm. |
| 504 | |aBibliography. |
| 563 | |aSoftcover |
| 590 | |a02-35|b2002-08-23 |
| 690 | 07|aAllowances|2gcpds |
| 690 | 07|aPensions|2gcpds |
| 690 | 07|aResearch|2gcpds |
| 720 | 1 |aDoe, Tanis |
| 776 | 0#|tThe 1997 Canada Pension Plan changes : |w(CaOODSP)9.686314 |
| 776 | 0#|tLes modifications apportées en 1997 au Régime de pensions du Canada : |w(CaOODSP)9.630790 |
| 792 | |tLes modifications apportées en 1997 au Régime de pensions du Canada : |efre|w(CaOODSP)9.663918 |